[Event "1st 4NCL Easter Congress"]
[Site "Stevenage"]
[Date "2019.04.21"]
[Round "4"]
[Board "15"]
[White "Chakanyuka, Charles"]
[Black "Verma, Shlok"]
[Result "1-0"]
[WhiteElo "2028"]
[BlackElo "1696"]
[PlyCount "0"]
[EventDate "2019.04.19"]
[EventRounds "7"]
[EventCountry "ENG"]

1. c4 {[%clk 01:28:18]} {[%emt 00:02:42]} e6 {[%clk 01:30:25]} {[%emt
00:00:36]} 2. Nf3 {[%clk 01:28:34]} {[%emt 00:00:13]} d5 {[%clk 01:30:49]}
{[%emt 00:00:05]} 3. cxd5 {[%clk 01:28:50]} {[%emt 00:00:15]} exd5 {[%clk
01:30:37]} {[%emt 00:00:42]} 4. Nc3 {[%clk 01:29:08]} {[%emt 00:00:12]} Nf6
{[%clk 01:30:41]} {[%emt 00:00:27]} 5. g3 {[%clk 01:29:03]} {[%emt 00:00:34]}
c6 {[%clk 01:29:47]} {[%emt 00:01:24]} 6. d3 {[%clk 01:28:30]} {[%emt
00:01:03]} Bg4 {[%clk 01:28:28]} {[%emt 00:01:50]} 7. Bg2 {[%clk 01:28:03]}
{[%emt 00:00:54]} Bd6 {[%clk 01:27:35]} {[%emt 00:01:25]} 8. Bg5 {[%clk
01:27:36]} {[%emt 00:00:55]} Nbd7 {[%clk 01:27:12]} {[%emt 00:00:55]} 9. O-O
{[%clk 01:27:11]} {[%emt 00:00:55]} h6 {[%clk 01:26:17]} {[%emt 00:01:24]} 10.
Bd2 {[%clk 01:27:16]} {[%emt 00:00:26]} O-O {[%clk 01:26:03]} {[%emt 00:00:43]}
11. Qc1 {[%clk 01:25:21]} {[%emt 00:02:25]} Re8 {[%clk 01:21:43]} {[%emt
00:04:50]} 12. Re1 {[%clk 01:23:20]} {[%emt 00:02:32]} Nf8 {[%clk 01:19:57]}
{[%emt 00:02:16]} 13. e4 {[%clk 01:19:16]} {[%emt 00:04:33]} dxe4 {[%clk
01:17:39]} {[%emt 00:02:48]} 14. dxe4 {[%clk 01:18:42]} {[%emt 00:01:03]} Ng6
{[%clk 01:17:31]} {[%emt 00:00:40]} 15. h3 {[%clk 01:17:51]} {[%emt 00:01:18]}
Bd7 {[%clk 01:13:03]} {[%emt 00:05:00]} 16. Qc2 {[%clk 01:07:15]} {[%emt
00:11:06]} Qc7 {[%clk 01:10:01]} {[%emt 00:03:33]} 17. Rad1 {[%clk 01:06:59]}
{[%emt 00:00:45]} Rad8 {[%clk 01:09:58]} {[%emt 00:00:32]} 18. Re2 {[%clk
01:03:58]} {[%emt 00:03:32]} Bc8 {[%clk 01:09:12]} {[%emt 00:01:17]} 19. Be3
{[%clk 00:57:57]} {[%emt 00:06:26]} b6 {[%clk 01:02:24]} {[%emt 00:07:22]} 20.
Red2 {[%clk 00:50:58]} {[%emt 00:07:29]} Ba6 {[%clk 00:57:24]} {[%emt
00:05:30]} 21. Nd4 {[%clk 00:46:30]} {[%emt 00:04:58]} Ne5 {[%clk 00:51:43]}
{[%emt 00:06:11]} 22. Nf5 {[%clk 00:41:13]} {[%emt 00:05:46]} Nc4 {[%clk
00:49:29]} {[%emt 00:02:45]} 23. Nxd6 {[%clk 00:41:28]} {[%emt 00:00:14]} Rxd6
{[%clk 00:44:11]} {[%emt 00:05:49]} 24. Rxd6 {[%clk 00:41:44]} {[%emt
00:00:14]} Nxd6 {[%clk 00:44:33]} {[%emt 00:00:08]} 25. Bf4 {[%clk 00:40:47]}
{[%emt 00:01:26]} Rd8 {[%clk 00:40:37]} {[%emt 00:04:27]} 26. e5 {[%clk
00:39:56]} {[%emt 00:01:21]} Nfe8 {[%clk 00:39:23]} {[%emt 00:01:45]} 27. exd6
{[%clk 00:40:09]} {[%emt 00:00:16]} Qd7 {[%clk 00:39:20]} {[%emt 00:00:32]} 28.
Qa4 {[%clk 00:39:03]} {[%emt 00:01:37]} Bb5 {[%clk 00:39:01]} {[%emt 00:00:49]}
29. Nxb5 {[%clk 00:35:57]} {[%emt 00:03:36]} cxb5 {[%clk 00:39:26]} {[%emt
00:00:05]} 30. Qc2 {[%clk 00:34:35]} {[%emt 00:01:49]} g5 {[%clk 00:39:36]}
{[%emt 00:00:23]} 31. Be5 {[%clk 00:34:45]} {[%emt 00:00:17]} f6 {[%clk
00:39:59]} {[%emt 00:00:10]} 32. Qg6+ {[%clk 00:34:35]} {[%emt 00:00:39]} Qg7
{[%clk 00:40:25]} {[%emt 00:00:04]} 33. Qxg7+ {[%clk 00:33:10]} {[%emt
00:01:55]} Kxg7 {[%clk 00:40:37]} {[%emt 00:00:19]} 34. Bc3 {[%clk 00:33:20]}
{[%emt 00:00:19]} Rxd6 {[%clk 00:40:49]} {[%emt 00:00:19]} 35. Re1 {[%clk
00:32:24]} {[%emt 00:01:24]} Kf7 {[%clk 00:40:37]} {[%emt 00:00:43]} 36. Bb4
{[%clk 00:32:40]} {[%emt 00:00:13]} Rd8 {[%clk 00:40:57]} {[%emt 00:00:11]} 37.
Re7+ {[%clk 00:32:15]} {[%emt 00:00:54]} Kg6 {[%clk 00:41:16]} {[%emt
00:00:13]} 38. g4 {[%clk 00:30:34]} {[%emt 00:02:10]} Rd4 {[%clk 00:41:18]}
{[%emt 00:00:28]} 39. Be4+ {[%emt 00:01:12]}  1-0

[Event "1st 4NCL Easter Congress"]
[Site "Stevenage"]
[Date "2019.04.21"]
[Round "4"]
[Board "16"]
[White "See, Tristian"]
[Black "Rahulan, Thivyaa"]
[Result "1/2-1/2"]
[WhiteElo "1978"]
[BlackElo "1889"]
[PlyCount "0"]
[EventDate "2019.04.19"]
[EventRounds "7"]
[EventCountry "ENG"]

1. e4 {[%clk 01:30:57]} {[%emt 00:00:03]} e6 {[%clk 01:30:29]} {[%emt
00:00:32]} 2. Nf3 {[%emt 00:00:25]} d5 {[%clk 01:30:49]} 3. Nc3 {[%clk
01:31:32]} {[%emt 00:00:08]} Nf6 {[%clk 01:31:07]} {[%emt 00:00:12]} 4. e5
{[%clk 01:31:36]} {[%emt 00:00:27]} Nfd7 {[%clk 01:31:22]} {[%emt 00:00:15]} 5.
d4 {[%clk 01:31:14]} {[%emt 00:00:51]} c5 {[%clk 01:31:32]} {[%emt 00:00:20]} 6.
dxc5 {[%clk 01:29:52]} {[%emt 00:01:52]} Bxc5 {[%clk 01:31:52]} {[%emt
00:00:10]} 7. Bd3 {[%clk 01:30:05]} {[%emt 00:00:16]} Nc6 {[%clk 01:31:28]}
{[%emt 00:00:55]} 8. Bf4 {[%clk 01:28:48]} {[%emt 00:01:47]} f6 {[%clk
01:31:03]} {[%emt 00:00:55]} 9. exf6 {[%clk 01:26:15]} {[%emt 00:03:04]} Nxf6
{[%clk 01:31:24]} {[%emt 00:00:08]} 10. O-O {[%clk 01:24:58]} {[%emt 00:01:47]}
O-O {[%clk 01:31:35]} {[%emt 00:00:20]} 11. Bg3 {[%clk 01:21:27]} {[%emt
00:04:01]} a6 {[%clk 01:29:23]} {[%emt 00:02:42]} 12. Ne5 {[%clk 01:12:13]}
{[%emt 00:09:44]} Bd7 {[%clk 01:26:16]} {[%emt 00:03:35]} 13. a3 {[%clk
01:09:42]} {[%emt 00:03:02]} Rc8 {[%clk 01:25:32]} {[%emt 00:01:13]} 14. Nxc6
{[%clk 00:56:35]} {[%emt 00:13:38]} Bxc6 {[%clk 01:25:21]} {[%emt 00:00:41]} 15.
Qe2 {[%clk 00:56:38]} {[%emt 00:00:26]} Bd7 {[%clk 01:23:15]} {[%emt 00:02:36]}
16. Be5 {[%clk 00:54:55]} {[%emt 00:02:14]} Qe8 {[%clk 01:19:45]} {[%emt
00:03:59]} 17. Rae1 {[%clk 00:43:28]} {[%emt 00:11:57]} Qf7 {[%clk 01:10:01]}
{[%emt 00:10:14]} 18. Kh1 {[%clk 00:37:30]} {[%emt 00:06:28]} Rce8 {[%clk
01:06:57]} {[%emt 00:03:35]} 19. f4 {[%clk 00:33:39]} {[%emt 00:04:22]} Bc6
{[%clk 00:48:26]} {[%emt 00:19:01]} 20. Nb1 {[%clk 00:23:07]} {[%emt 00:11:02]}
Nd7 {[%clk 00:43:05]} {[%emt 00:05:50]} 21. b4 {[%clk 00:21:29]} {[%emt
00:02:09]} Be7 {[%clk 00:43:08]} {[%emt 00:00:26]} 22. Nd2 {[%clk 00:20:30]}
{[%emt 00:01:29]} g6 {[%clk 00:37:45]} {[%emt 00:05:52]} 23. Qg4 {[%clk
00:19:42]} {[%emt 00:01:18]} Nf6 {[%clk 00:31:08]} {[%emt 00:07:08]} 24. Qh3
{[%clk 00:18:15]} {[%emt 00:01:57]} Nd7 {[%clk 00:21:35]} {[%emt 00:10:03]} 25.
Nf3 {[%clk 00:17:17]} {[%emt 00:01:28]} Bb5 {[%clk 00:14:05]} {[%emt 00:08:01]}
26. Bxb5 {[%clk 00:14:49]} {[%emt 00:02:58]} axb5 {[%clk 00:14:26]} {[%emt
00:00:08]} 27. Kg1 {[%clk 00:14:48]} {[%emt 00:00:30]} Nxe5 {[%clk 00:13:15]}
{[%emt 00:01:42]} 28. fxe5 {[%clk 00:13:50]} {[%emt 00:01:28]} Bd8 {[%clk
00:10:01]} {[%emt 00:03:44]} 29. Nd4 {[%clk 00:10:34]} {[%emt 00:03:47]} Qd7
{[%clk 00:10:16]} {[%emt 00:00:14]} 30. Rxf8+ {[%clk 00:10:27]} {[%emt
00:00:37]} Kxf8 {[%clk 00:10:38]} {[%emt 00:00:08]} 31. c3 {[%clk 00:07:58]}
{[%emt 00:03:00]} Bb6 {[%clk 00:09:56]} {[%emt 00:01:11]} 32. Qd3 {[%clk
00:07:09]} {[%emt 00:01:19]} Bxd4+ {[%clk 00:08:59]} {[%emt 00:01:26]} 33. cxd4
{[%clk 00:07:15]} {[%emt 00:00:25]} Rc8 {[%clk 00:07:50]} {[%emt 00:01:39]} 34.
Rf1+ {[%clk 00:07:31]} {[%emt 00:00:15]} Kg8 {[%clk 00:08:02]} {[%emt
00:00:17]} 35. h4 {[%clk 00:07:54]} {[%emt 00:00:07]} Rf8 {[%clk 00:07:32]}
{[%emt 00:01:00]} 36. Rc1 {[%clk 00:08:10]} {[%emt 00:00:13]} b6 {[%clk
00:05:35]} {[%emt 00:02:28]} 37. Qc3 {[%clk 00:06:55]} {[%emt 00:01:45]} Qf7
{[%clk 00:04:57]} {[%emt 00:01:07]} 38. Kh2 {[%clk 00:05:43]} {[%emt 00:01:43]}
 1/2-1/2

[Event "1st 4NCL Easter Congress"]
[Site "Stevenage"]
[Date "2019.04.21"]
[Round "4"]
[Board "17"]
[White "Jaufarally, Nadia"]
[Black "Royal, Shreyas"]
[Result "0-1"]
[WhiteElo "1859"]
[BlackElo "1943"]
[PlyCount "0"]
[EventDate "2019.04.19"]
[EventRounds "7"]
[EventCountry "ENG"]

1. e4 {[%clk 01:30:57]} {[%emt 00:00:05]} e5 {[%clk 01:30:39]} {[%emt
00:00:19]} 2. Nf3 {[%clk 01:31:20]} {[%emt 00:00:06]} Nc6 {[%clk 01:30:44]}
{[%emt 00:00:24]} 3. Bc4 {[%clk 01:31:35]} {[%emt 00:00:16]} Bc5 {[%clk
01:30:25]} {[%emt 00:00:47]} 4. c3 {[%clk 01:31:06]} {[%emt 00:01:01]} Nf6
{[%clk 01:30:25]} {[%emt 00:00:30]} 5. d3 {[%clk 01:31:22]} {[%emt 00:00:14]}
O-O {[%clk 01:29:42]} {[%emt 00:01:12]} 6. O-O {[%clk 01:31:19]} {[%emt
00:00:35]} d5 {[%clk 01:29:13]} {[%emt 00:00:58]} 7. exd5 {[%clk 01:23:01]}
{[%emt 00:08:48]} Nxd5 {[%clk 01:28:42]} {[%emt 00:00:59]} 8. b4 {[%clk
01:04:14]} {[%emt 00:19:19]} Be7 {[%clk 01:27:06]} {[%emt 00:02:05]} 9. b5
{[%clk 00:46:25]} {[%emt 00:18:22]} Na5 {[%clk 01:27:25]} {[%emt 00:00:10]} 10.
Bxd5 {[%clk 00:45:35]} {[%emt 00:01:19]} Qxd5 {[%clk 01:27:33]} {[%emt
00:00:22]} 11. c4 {[%clk 00:45:45]} {[%emt 00:00:20]} Qd7 {[%clk 01:27:01]}
{[%emt 00:01:02]} 12. Qd2 {[%clk 00:42:34]} {[%emt 00:03:41]} e4 {[%clk
01:16:58]} {[%emt 00:10:33]} 13. Ne5 {[%clk 00:39:51]} {[%emt 00:03:12]} Qe6
{[%clk 01:16:01]} {[%emt 00:01:29]} 14. Bb2 {[%clk 00:34:45]} {[%emt 00:05:36]}
Bd6 {[%clk 01:13:40]} {[%emt 00:02:50]} 15. Qxa5 {[%clk 00:30:00]} {[%emt
00:05:15]} Bxe5 {[%clk 01:13:54]} {[%emt 00:00:16]} 16. Bxe5 {[%clk 00:12:50]}
{[%emt 00:17:40]} Qxe5 {[%clk 01:14:17]} {[%emt 00:00:08]} 17. Qc3 {[%clk
00:13:14]} {[%emt 00:00:06]} Qxc3 {[%clk 01:13:47]} {[%emt 00:00:59]} 18. Nxc3
{[%clk 00:13:39]} {[%emt 00:00:05]} exd3 {[%clk 01:14:10]} {[%emt 00:00:07]} 19.
Nd5 {[%clk 00:13:57]} {[%emt 00:00:12]} c6 {[%clk 01:07:17]} {[%emt 00:07:23]}
20. bxc6 {[%emt 00:07:32]} bxc6 {[%clk 01:07:45]} 21. Ne7+ {[%clk 00:07:17]}
{[%emt 00:00:10]} Kh8 {[%clk 01:08:11]} {[%emt 00:00:04]} 22. Nxc6 {[%clk
00:07:28]} {[%emt 00:00:20]} h6 {[%clk 01:06:36]} {[%emt 00:02:04]} 23. Rfd1
{[%clk 00:07:09]} {[%emt 00:00:50]} Bf5 {[%clk 01:06:57]} {[%emt 00:00:08]} 24.
Rd2 {[%clk 00:06:18]} {[%emt 00:01:21]} f6 {[%clk 01:03:25]} {[%emt 00:04:02]}
25. Rad1 {[%clk 00:06:23]} {[%emt 00:00:25]} a5 {[%clk 01:03:32]} {[%emt
00:00:24]} 26. Nd4 {[%clk 00:05:44]} {[%emt 00:01:08]} Bh7 {[%clk 01:03:39]}
{[%emt 00:00:24]} 27. Ne6 {[%clk 00:05:49]} {[%emt 00:00:24]} Rfc8 {[%clk
01:03:41]} {[%emt 00:00:27]} 28. Nf4 {[%clk 00:05:18]} {[%emt 00:01:02]} Rxc4
{[%clk 01:04:05]} {[%emt 00:00:06]} 29. Nxd3 {[%clk 00:04:25]} {[%emt
00:01:23]} Rd8 {[%clk 01:04:26]} {[%emt 00:00:09]} 30. Kf1 {[%clk 00:02:08]}
{[%emt 00:02:47]} Rcd4 {[%clk 01:00:51]} {[%emt 00:04:05]} 31. Ke2 {[%clk
00:02:31]} {[%emt 00:00:07]} Re8+ {[%clk 01:00:36]} {[%emt 00:00:45]} 32. Kf1
{[%clk 00:02:35]} {[%emt 00:00:26]} Red8 {[%clk 01:00:54]} {[%emt 00:00:13]} 33.
Ke2 {[%clk 00:02:59]} {[%emt 00:00:05]} Bg8 {[%clk 01:00:25]} {[%emt 00:00:58]}
34. Nc1 {[%clk 00:01:09]} {[%emt 00:02:21]} Re8+ {[%clk 01:00:49]} {[%emt
00:00:06]} 35. Kf3 {[%clk 00:00:43]} {[%emt 00:00:56]} Ra4 {[%clk 01:01:11]}
{[%emt 00:00:08]} 36. Rd8 {[%clk 00:00:40]} {[%emt 00:00:34]} Re5 {[%clk
01:00:45]} {[%emt 00:00:55]} 37. R1d4 {[%clk 00:00:40]} {[%emt 00:00:29]} Rxd4
{[%clk 01:00:11]} {[%emt 00:01:05]} 38. Rxd4 {[%clk 00:01:07]} {[%emt
00:00:04]} Bd5+ {[%clk 01:00:36]} {[%emt 00:00:05]} 39. Kg3 {[%clk 00:00:52]}
{[%emt 00:00:45]} Rg5+ {[%clk 01:00:55]} {[%emt 00:00:11]} 40. Kh4 {[%clk
00:00:35]} {[%emt 00:00:46]} Bxg2 {[%clk 01:00:50]} {[%emt 00:00:35]} 41. f4
{[%clk 00:00:51]} {[%emt 00:00:14]} Rb5 {[%clk 00:59:59]} {[%emt 00:01:21]} 42.
Nb3 {[%clk 00:00:44]} {[%emt 00:00:37]} Bd5 {[%clk 00:59:45]} {[%emt 00:00:43]}
43. Ra4 {[%emt 00:02:37]} g5+ {[%clk 00:58:07]} 44. fxg5 {[%clk 00:00:57]}
{[%emt 00:00:18]} hxg5+ {[%clk 00:58:32]} {[%emt 00:00:06]} 45. Kg4 {[%clk
00:00:36]} {[%emt 00:00:51]} Bxb3 {[%clk 00:56:27]} {[%emt 00:02:36]} 46. axb3
{[%clk 00:00:42]} {[%emt 00:00:23]} Rb4+ {[%clk 00:56:34]} {[%emt 00:00:23]} 47.
Kh5 {[%clk 00:00:42]} {[%emt 00:00:30]} Rxa4 {[%clk 00:56:52]} {[%emt
00:00:12]} 48. bxa4 {[%clk 00:01:09]} {[%emt 00:00:03]} Kg7 {[%clk 00:57:17]}
{[%emt 00:00:05]} 49. h4 {[%clk 00:00:58]} {[%emt 00:00:42]} gxh4 {[%clk
00:57:32]} {[%emt 00:00:14]} 50. Kxh4 {[%clk 00:01:24]} {[%emt 00:00:04]} Kf7
{[%clk 00:57:49]} {[%emt 00:00:13]} 51. Kg4 {[%clk 00:01:44]} {[%emt 00:00:10]}
Ke6 {[%clk 00:58:14]} {[%emt 00:00:05]} 52. Kf4 {[%clk 00:02:06]} {[%emt
00:00:09]} Kd5 {[%clk 00:57:58]}  0-1

[Event "1st 4NCL Easter Congress"]
[Site "Stevenage"]
[Date "2019.04.21"]
[Round "4"]
[Board "18"]
[White "Ansari, Athar"]
[Black "Ross, Stuart"]
[Result "1-0"]
[WhiteElo "1934"]
[BlackElo "1620"]
[PlyCount "0"]
[EventDate "2019.04.19"]
[EventRounds "7"]
[EventCountry "ENG"]

1. e4 {[%clk 01:30:58]} {[%emt 00:00:02]} c5 {[%clk 01:30:51]} {[%emt
00:00:12]} 2. Nf3 {[%clk 01:30:49]} {[%emt 00:00:37]} d6 {[%clk 01:31:16]}
{[%emt 00:00:04]} 3. c3 {[%clk 01:30:18]} {[%emt 00:01:02]} Nf6 {[%clk
01:31:01]} {[%emt 00:00:44]} 4. Bb5+ {[%clk 01:29:59]} {[%emt 00:00:49]} Bd7
{[%clk 01:29:11]} {[%emt 00:02:20]} 5. Bxd7+ {[%clk 01:30:17]} {[%emt
00:00:12]} Qxd7 {[%clk 01:28:00]} {[%emt 00:01:41]} 6. Qe2 {[%clk 01:29:41]}
{[%emt 00:01:06]} Nc6 {[%clk 01:27:38]} {[%emt 00:00:51]} 7. d4 {[%clk
01:29:52]} {[%emt 00:00:20]} cxd4 {[%clk 01:27:14]} {[%emt 00:00:54]} 8. cxd4
{[%clk 01:30:15]} {[%emt 00:00:08]} d5 {[%clk 01:27:04]} {[%emt 00:00:39]} 9.
e5 {[%clk 01:30:07]} {[%emt 00:00:38]} Ne4 {[%clk 01:20:53]} {[%emt 00:06:40]}
10. O-O {[%clk 01:30:05]} {[%emt 00:00:33]} f6 {[%clk 01:10:54]} {[%emt
00:10:29]} 11. Nc3 {[%clk 01:29:28]} {[%emt 00:01:09]} Nxc3 {[%clk 01:09:17]}
{[%emt 00:02:06]} 12. bxc3 {[%clk 01:29:52]} {[%emt 00:00:06]} e6 {[%clk
01:08:28]} {[%emt 00:01:17]} 13. exf6 {[%clk 01:29:51]} {[%emt 00:00:33]} gxf6
{[%clk 01:08:54]} {[%emt 00:00:04]} 14. Re1 {[%clk 01:29:48]} {[%emt 00:00:33]}
Kf7 {[%clk 01:05:33]} {[%emt 00:03:50]} 15. Nh4 {[%clk 01:30:07]} {[%emt
00:00:12]} h5 {[%clk 01:03:34]} {[%emt 00:02:28]} 16. Qd3 {[%clk 01:30:04]}
{[%emt 00:00:34]} Ne7 {[%clk 01:01:08]} {[%emt 00:02:54]} 17. Ba3 {[%clk
01:29:58]} {[%emt 00:00:38]} Nf5 {[%clk 00:52:33]} {[%emt 00:09:04]} 18. Nxf5
{[%clk 01:30:14]} {[%emt 00:00:15]} Bxa3 {[%clk 00:52:58]} {[%emt 00:00:05]} 19.
Nh4 {[%clk 01:30:09]} {[%emt 00:00:35]} Rag8 {[%clk 00:49:29]} {[%emt
00:03:57]} 20. Re3 {[%clk 01:30:16]} {[%emt 00:00:24]} Bd6 {[%clk 00:44:20]}
{[%emt 00:05:38]} 21. Rae1 {[%clk 01:30:25]} {[%emt 00:00:22]} e5 {[%clk
00:41:16]} {[%emt 00:03:33]} 22. dxe5 {[%clk 01:30:13]} {[%emt 00:00:44]} Bxe5
{[%clk 00:40:40]} {[%emt 00:01:05]} 23. f4 {[%clk 01:30:40]} {[%emt 00:00:04]}
Bxf4 {[%clk 00:33:01]} {[%emt 00:08:08]} 24. Re7+ {[%clk 01:30:36]} {[%emt
00:00:34]} Qxe7 {[%clk 00:33:12]} {[%emt 00:00:19]} 25. Qxd5+ {[%clk 01:31:01]}
{[%emt 00:00:06]} Kf8 {[%clk 00:31:20]} {[%emt 00:02:21]} 26. Rxe7 {[%clk
01:31:27]} {[%emt 00:00:04]} Kxe7 {[%clk 00:31:26]} {[%emt 00:00:24]} 27. Nf5+
{[%clk 01:31:48]} {[%emt 00:00:09]} Kf8 {[%clk 00:31:04]} {[%emt 00:00:52]} 28.
Qxb7 {[%clk 01:32:04]} {[%emt 00:00:15]} Rxg2+ {[%clk 00:29:24]} {[%emt
00:02:09]} 29. Kxg2 {[%clk 01:32:28]} {[%emt 00:00:07]} Rg8+ {[%clk 00:29:33]}
{[%emt 00:00:21]} 30. Kf3 {[%clk 01:30:58]} {[%emt 00:02:05]}  1-0

[Event "1st 4NCL Easter Congress"]
[Site "Stevenage"]
[Date "2019.04.21"]
[Round "4"]
[Board "19"]
[White "Johnson, Paul A"]
[Black "Simpson, Derek"]
[Result "1-0"]
[WhiteElo "1804"]
[BlackElo "1668"]
[PlyCount "0"]
[EventDate "2019.04.19"]
[EventRounds "7"]
[EventCountry "ENG"]

1. d4 {[%clk 01:30:53]} {[%emt 00:05:43]} Nf6 {[%clk 01:30:59]} 2. Bf4 {[%clk
01:30:55]} c5 {[%clk 01:31:27]} 3. d5 {[%clk 01:31:01]} b5 {[%clk 01:31:54]} 4.
e3 {[%clk 01:30:33]} Bb7 {[%clk 01:29:44]} 5. c4 {[%clk 01:30:33]} bxc4 {[%clk
01:28:26]} 6. Bxc4 {[%clk 01:30:51]} Qb6 {[%clk 01:28:05]} 7. b3 {[%clk
01:28:32]} g6 {[%clk 01:28:14]} 8. Nc3 {[%clk 01:28:09]} Bg7 {[%clk 01:28:28]}
9. Rc1 {[%clk 01:28:15]} Qa5 {[%clk 01:28:15]} 10. Qd2 {[%clk 01:28:16]} O-O
{[%clk 01:25:43]} 11. Nf3 {[%clk 01:28:12]} d6 {[%clk 01:25:39]} 12. O-O {[%clk
01:28:03]} Ba6 {[%clk 01:17:19]} 13. e4 {[%clk 01:19:48]} Bxc4 {[%clk
00:54:42]} 14. bxc4 {[%clk 01:20:12]} Ng4 {[%clk 00:53:18]} 15. h3 {[%clk
01:19:12]} Ne5 {[%clk 00:52:28]} 16. Nxe5 {[%clk 01:18:59]} dxe5 {[%clk
00:52:22]} 17. Be3 {[%clk 01:16:22]} Nd7 {[%clk 00:52:45]} 18. Rb1 {[%clk
01:11:29]} Rab8 {[%clk 00:51:57]} 19. Rb5 {[%clk 01:06:02]} Rxb5 {[%clk
00:52:17]} 20. cxb5 {[%clk 01:06:20]} f5 {[%clk 00:49:44]} 21. f3 {[%clk
01:06:19]} Rc8 {[%clk 00:41:46]} 22. Qc2 {[%clk 01:00:47]} f4 {[%clk 00:41:36]}
23. Bd2 {[%clk 01:00:14]} Qb6 {[%clk 00:36:19]} 24. Be1 {[%clk 00:56:54]} Qd6
{[%clk 00:34:57]} 25. Bf2 {[%clk 00:56:21]} Bf8 {[%clk 00:34:06]} 26. a4 {[%clk
00:54:47]} a5 {[%clk 00:31:17]} 27. Rb1 {[%clk 00:51:50]} Nb6 {[%clk 00:31:15]}
28. Qa2 {[%clk 00:50:31]} Kf7 {[%clk 00:30:17]} 29. Rd1 {[%clk 00:49:36]} g5
{[%clk 00:30:37]} 30. Ne2 {[%clk 00:43:47]} Kf6 {[%clk 00:28:33]} 31. Nc3
{[%clk 00:43:12]} Kf7 {[%clk 00:28:20]} 32. Rc1 {[%clk 00:42:56]} Kf6 {[%clk
00:28:31]} 33. Nd1 {[%clk 00:42:24]} h6 {[%clk 00:25:54]} 34. Nb2 {[%clk
00:42:22]} e6 {[%clk 00:25:31]} 35. Nc4 {[%clk 00:41:57]} Nxc4 {[%clk
00:25:49]} 36. Qxc4 {[%clk 00:42:23]} exd5 {[%clk 00:26:08]} 37. exd5 {[%clk
00:42:32]} Qb6 {[%clk 00:23:33]} 38. Qe4 {[%clk 00:39:26]} Rc7 {[%clk
00:23:50]} 39. Rc4 {[%clk 00:38:54]} Qd6 {[%clk 00:22:04]} 40. Rc2 {[%clk
00:33:58]} Qb6 {[%clk 00:22:03]} 41. Kh1 {[%clk 00:33:19]} Qd6 {[%clk
00:22:05]} 42. Be1 {[%clk 00:30:15]} Qb6 {[%clk 00:22:27]} 43. Bc3 {[%clk
00:30:10]} Bd6 {[%clk 00:22:41]} 44. h4 {[%clk 00:25:46]} Qa7 {[%clk 00:21:23]}
45. Qe1 {[%clk 00:24:17]} Rd7 {[%clk 00:20:34]} 46. Re2 {[%clk 00:22:04]} Re7
{[%clk 00:17:19]} 47. h5 {[%clk 00:21:35]} g4 {[%clk 00:11:53]} {[%emt
00:00:13]} 48. Qh4+ {[%clk 00:19:59]} {[%emt 00:02:04]} Kf7 {[%clk 00:11:28]}
{[%emt 00:00:55]} 49. Qxg4 {[%clk 00:20:21]} {[%emt 00:00:08]} Kf8 {[%clk
00:11:29]} {[%emt 00:00:30]} 50. Qg6 {[%clk 00:19:24]} {[%emt 00:01:27]}  1-0

[Event "1st 4NCL Easter Congress"]
[Site "Stevenage"]
[Date "2019.04.21"]
[Round "4"]
[Board "20"]
[White "Cocks, Elliot"]
[Black "Varley, Joe"]
[Result "1/2-1/2"]
[WhiteElo "1944"]
[BlackElo "1787"]
[PlyCount "0"]
[EventDate "2019.04.19"]
[EventRounds "7"]
[EventCountry "ENG"]

1. Nf3 {[%clk 01:29:45]} {[%emt 00:01:03]} d5 {[%clk 01:30:47]} 2. g3 {[%clk
01:30:04]} c5 {[%clk 01:30:28]} 3. Bg2 {[%clk 01:30:28]} Nc6 {[%clk 01:30:47]}
4. d4 {[%clk 01:30:53]} Nf6 {[%clk 01:30:08]} 5. O-O {[%clk 01:31:17]} g6
{[%clk 01:30:12]} 6. c3 {[%clk 01:29:48]} Bg7 {[%clk 01:30:24]} 7. dxc5 {[%clk
01:29:00]} a5 {[%clk 01:28:41]} 8. h3 {[%clk 01:27:57]} O-O {[%clk 01:28:25]} 9.
Nbd2 {[%clk 01:23:01]} Qc7 {[%clk 01:27:07]} 10. Qe1 {[%clk 01:18:57]} Nd7
{[%clk 01:19:25]} 11. e4 {[%clk 01:15:26]} d4 {[%clk 01:19:19]} 12. Nxd4 {[%clk
01:13:31]} Nxd4 {[%clk 01:17:48]} 13. cxd4 {[%clk 01:13:55]} Bxd4 {[%clk
01:17:48]} 14. Nb3 {[%clk 01:14:13]} Bg7 {[%clk 01:17:15]} 15. Bf4 {[%clk
01:12:47]} e5 {[%clk 01:14:46]} 16. Be3 {[%clk 01:10:12]} a4 {[%clk 01:14:20]}
17. Nc1 {[%clk 01:07:07]} Nxc5 {[%clk 01:12:42]} 18. b4 {[%clk 01:03:57]} axb3
{[%clk 01:10:33]} 19. Nxb3 {[%clk 01:04:22]} Nxb3 {[%clk 01:09:39]} 20. axb3
{[%clk 01:04:15]} Be6 {[%clk 01:06:12]} 21. Rc1 {[%clk 01:04:18]} Qd7 {[%clk
01:06:05]} 22. Qb4 {[%clk 01:03:31]} Rfc8 {[%clk 01:04:33]} 23. Kh2 {[%clk
00:53:25]} Bf8 {[%clk 01:02:43]} 24. Rxc8 {[%clk 00:53:34]} Rxc8 {[%clk
01:02:25]} 25. Qa4 {[%clk 00:53:44]} b5 {[%clk 01:01:49]} {[%emt 00:00:03]} 26.
Qa1 {[%clk 00:51:27]} {[%emt 00:02:47]} Bg7 {[%clk 00:57:36]} {[%emt 00:04:43]}
27. b4 {[%clk 00:50:59]} {[%emt 00:00:58]} Rd8 {[%clk 00:57:25]} {[%emt
00:00:41]} 28. Bc5 {[%clk 00:50:13]} {[%emt 00:01:17]} Bc4 {[%clk 00:57:28]}
{[%emt 00:00:26]} 29. Re1 {[%clk 00:49:59]} {[%emt 00:00:44]} Qc7 {[%clk
00:55:56]} {[%emt 00:02:02]} 30. Bf1 {[%clk 00:46:05]} {[%emt 00:04:24]} Bf8
{[%clk 00:54:28]} {[%emt 00:01:57]} 31. Bxf8 {[%clk 00:38:53]} {[%emt
00:07:42]}  1/2-1/2